000 00434cam a2200181ua 4500
041 _aeng
_h
082 _a823.308
_bCHA/JA
100 _aCharles, .
245 _aTales from Shakespeare /
_cCharles.
_hTextual Documents
250 _a1 /
_b.
260 _aLondon :
_bJ M Dent and Sons Ltd ,
_c1961.
300 _a304 ; .
504 _a
700 1 _aLamb, Mary .
942 _cBK
999 _c6883
_d6883